Zamansızdık - Manifest Şarkı Sözleri/Lyrics - Statistics

General Stats
  • This quiz has been taken 70 times
  • The average score is 112 of 162
Answer Stats
Answer % Correct
başta
97%
hep
97%
ilk
97%
kal'ca'z
97%
Sandım
97%
sandım
97%
Zamansızdık
97%
iyi
95%
kal'ca'z
92%
kal'caz
92%
yaşlar
92%
dökülen
89%
Boşa
86%
iltifat
86%
Yetmiyo'
86%
hiçbi'
84%
asla
81%
artık
78%
Artık
78%
başkasını
78%
bulursun
78%
Her
78%
kafana
78%
(Kafana
78%
takma
78%
takma)
78%
üzülmem
78%
hissettirmiyo'san
73%
Hoşsun
70%
benim
68%
de
68%
en
68%
gibi?
68%
mesafeli
68%
mi
68%
severler
68%
Söyle
68%
yanım
68%
Ama
65%
Bakarsan
65%
bakarsan
65%
da
65%
derine
65%
dikkat
65%
düşme
65%
geçmişin
65%
geçmiyo'
65%
gözlerime
65%
izleri
65%
bi'
62%
eder
62%
güzel
62%
için
62%
kendimi
62%
seni
62%
tuttum
62%
Uykumdan
62%
kabullenir
59%
Sabrettim
59%
şey
59%
soğukluğun
59%
temasın
59%
gerçeği
57%
gitmemek
57%
inan
57%
ısrarla
57%
istemem
57%
saklasan
57%
Üzmek
57%
kaybettin
54%
çok
49%
yolumu
49%
alıştım
46%
Bulurum
46%
düşsene
46%
karışık
46%
aklım
43%
daha
43%
kayboldum
43%
Sabrımı
43%
hâlâ
41%
yakamdan
41%
ağlatır
38%
aşmıştın
38%
bitsin
38%
çoktandır
38%
Güm
38%
güm
38%
atsa
35%
başından
35%
Konuşma
35%
Yanında
35%
hatrına
32%
kalbim
32%
Şu
32%
anda
24%
No matching quizzes found
Score Distribution
Percent of People with Each Score
Percentile by Number Answered
Your Score History
You have not taken this quiz